| 000 | 00409nam a22001217a 4500 | ||
|---|---|---|---|
| 999 |
_c9608 _d9608 |
||
| 003 | OSt | ||
| 008 | 201203b ||||| |||| 00| 0 eng d | ||
| 245 | _aIndian Journal of Engineering and Materials Sciences (IJEMS) | ||
| 250 | _a2017(Apr Vol.24 No.2, Jun Vol.24 No.3, Aug Vol.24 No.4, Oct Vol.24 No.5, Dec Vol.24 No.6) | ||
| 260 |
_aNew Delhi _bCSIR-NISCAIR |
||
| 650 | _aMechanical Engineering | ||
| 942 |
_2ddc _cBV |
||